banner koha

Frequência de Eimeria bateri em codornas japonesas (Coturnix japonica)desafiadas com dose sub-letal de aflatoxina (Registro n. 211849)

MARC details
000 -LÍDER
campo de controle de tamanho fixo 01005nas a2200325 4500
001 - NÚMERO DE CONTROLE
campo de controle BR2011003914
003 - IDENTIFICADOR DO NÚMERO DE CONTROLE
campo de controle BR-BrBNA
005 - DATA E HORÁRIO DA ÚLTIMA TRANSAÇÃO
campo de controle 20231205115042.0
007 - CAMPO FIXO DE DESCRIÇÃO FÍSICA--INFORMAÇÃO GERAL
campo de controle de tamanho fixo ta
008 - CAMPO DE DADOS FIXOS--INFORMAÇÃO GERAL
campo de controle de tamanho fixo 230509b bl.|||p| |||| 00| 00por d
040 ## - FONTE DA CATALOGAÇÃO
Instituição da catalogação original BR-BrBNA
Idioma da catalogação por
Instituição que transcreveu o registro Biblioteca Nacional de Agricultura
041 ## - CÓDIGO DE IDIOMA
Código do idioma do texto/trilha sonora ou título diferente (Pt)
072 ## - CÓDIGO DE CATEGORIA DE ASSUNTO
Código de Categoria de Assunto L70; L73
100 1# - ENTRADA PRINCIPAL--NOME PESSOAL
Nome pessoal Cardozo, S.V.
100 1# - ENTRADA PRINCIPAL--NOME PESSOAL
Nome pessoal Berto, B.P.
100 1# - ENTRADA PRINCIPAL--NOME PESSOAL
Nome pessoal Ferreira, A.M.R.
100 1# - ENTRADA PRINCIPAL--NOME PESSOAL
Nome pessoal Macedo, H.W. de
100 1# - ENTRADA PRINCIPAL--NOME PESSOAL
Nome pessoal Lopes, C.W.G.
245 1# - TÍTULO
Título Frequência de Eimeria bateri em codornas japonesas (Coturnix japonica)desafiadas com dose sub-letal de aflatoxina
650 ## - ASSUNTO--TERMO TÓPICO
Cabeçalho tópico ou nome geográfico CODORNA
650 ## - ASSUNTO--TERMO TÓPICO
Cabeçalho tópico ou nome geográfico COTURNIX JAPÔNICA
650 ## - ASSUNTO--TERMO TÓPICO
Cabeçalho tópico ou nome geográfico AFLATOXINA
650 ## - ASSUNTO--TERMO TÓPICO
Cabeçalho tópico ou nome geográfico DOSE
650 ## - ASSUNTO--TERMO TÓPICO
Cabeçalho tópico ou nome geográfico INFECÇÃO
650 ## - ASSUNTO--TERMO TÓPICO
Cabeçalho tópico ou nome geográfico INTOXICAÇÃO ANIMAL
650 ## - ASSUNTO--TERMO TÓPICO
Cabeçalho tópico ou nome geográfico IMUNIZAÇÃO
773 0# - ENTRADA ANALÍTICA
Título Revista Brasileira de Medicina Veterinária (Brazil)
ISSN - International Standard Serial Number ISSN 0100-2430
Partes relacionadas (Oct-Dec 2010), v. 32(4) p. 211-214
Número de controle do registro BR2011003914
909 ## -
-- 202311
-- Lúcia
-- 55
-- Lúcia Elande
942 ## - ELEMENTOS DE ENTRADA ADICIONADOS (KOHA)
Fonte da classificação ou esquema de arquivamento na estante Classificação AGRIS
Ocultar no OPAC Não
Tipo de material Koha Analítica
Exemplares
Situação do descarte Fonte da classificação ou esquema de arquivamento na estante Situação física Não pode ser emprestado Biblioteca de origem Biblioteca atual Localização na estante Enumeração do periódico / cronologia Total de empréstimos Data de último acesso Número do exemplar Tipo de material Koha Fonte de aquisição
  Classificação AGRIS   Consulta local Biblioteca Nacional de Agricultura - Binagri Biblioteca Nacional de Agricultura - Binagri   (Oct-Dec 2010), v. 32(4) p. 211-214   29/11/2023 01 Periódicos Portaria Interministerial nº 164/94

BINAGRI

Telefone: (61)3218-2567/2388/3357/2097 - binagri@agro.gov.br

Ministério da Agricultura e Pecuária , Esplanada dos Ministérios, Bloco D, Anexo B, Brasília/DF, CEP: 70.043-900